000 00601nam a2200157Ia 4500
008 090124s9999 xx 000 0 und d
082 _b24205
_a1488
245 _a वैदिक गणित भाग 3 रा : संकीर्ण अंकगणित
250 _a1
260 _c1984
300 _a80
630 _a वैदिक गणित भाग 3 रा : संकीर्ण अंकगणित
700 _aभुर्के श्याम
730 _a वैदिक गणित भाग 3 रा : संकीर्ण अंकगणित
942 _cBOOK
999 _c137775
_d137775